Central Library OPAC University of Rajshahi

The heritage of imperialism : (Record no. 43054)

MARC details
000 -LEADER
fixed length control field 01008nam a2200277 a 4500
001 - CONTROL NUMBER
control field 43054
003 - CONTROL NUMBER IDENTIFIER
rucl marc code BD-RjUL
005 - DATE AND TIME OF LATEST TRANSACTION
control field 20211209053635.0
008 - FIXED-LENGTH DATA ELEMENTS--GENERAL INFORMATION
fixed length control field 160619r19741929enkab b 00110 eng d
020 ## - INTERNATIONAL STANDARD BOOK NUMBER
International Standard Book Number 0210405473
035 ## - SYSTEM CONTROL NUMBER
System control number (BD-RjUL)43172
System control number 2888037
040 ## - CATALOGING SOURCE
Original cataloging agency ANL
Language of cataloging eng
Modifying agency BD-RjUL
Transcribing agency BD-RjUL
041 ## - LANGUAGE CODE
Language code of text/sound track or separate title eng
082 0# - DEWEY DECIMAL CLASSIFICATION NUMBER
Classification number 330.9603
Edition number 23
Author mark and year DAH 1974
100 1# - MAIN ENTRY--PERSONAL NAME
Personal name Danmole, Mashood B. O.
9 (RLIN) 132212
245 14 - TITLE STATEMENT
Title The heritage of imperialism :
Remainder of title a study in historical and economic analysis /
Statement of responsibility, etc. Mashood B.O. Danmole.
260 ## - PUBLICATION, DISTRIBUTION, ETC. (IMPRINT)
Place of publication, distribution, etc. London :
Name of publisher, distributor, etc. Asia Publishing House,
Date of publication, distribution, etc. c1974
300 ## - PHYSICAL DESCRIPTION
Pagination xviii, 550 p. :
Illustrations ill. ;
Size 25cm.
500 ## - GENERAL NOTE
General note Developing countries. Economic conditions. Effects of imperialism. Study regions: Africa (BNB/PRECIS)
General note Originally published: New York : Asia Publishing House, 1974.
504 ## - BIBLIOGRAPHY, ETC. NOTE
Bibliography, etc Bibliography: p.527-535. - Includes index.
650 #0 - SUBJECT ADDED ENTRY--TOPICAL TERM
Topical term or geographic name as entry element Imperialism.
9 (RLIN) 132213
651 #0 - SUBJECT ADDED ENTRY--GEOGRAPHIC NAME
Geographic name Developing countries
General subdivision Economic conditions.
9 (RLIN) 132214
942 ## - ADDED ENTRY ELEMENTS (KOHA)
Source of classification or shelving scheme Dewey Decimal Classification
Koha item type Books
Holdings
Lost status Source of classification or shelving scheme Damaged status Not for loan Collection code Permanent Location Current Location Shelving location Date acquired Source of acquisition Cost, normal purchase price Total Checkouts Full call number Date last seen Copy number Koha item type
  Dewey Decimal Classification     Non-fiction Central Library, University of Rajshahi Central Library, University of Rajshahi   21/04/1976 K.P.Bagchi and Co. 70.00   330.9603 DAH 1974 19/06/2016 C-2 Books